Contract Act: (Record no. 1715350)

MARC details
000 -LEADER
fixed length control field 00711nam a22002417a 4500
005 - DATE AND TIME OF LATEST TRANSACTION
control field 20260313125011.0
008 - FIXED-LENGTH DATA ELEMENTS--GENERAL INFORMATION
fixed length control field 260313b |||||||| |||| 00| 0 eng d
020 ## - INTERNATIONAL STANDARD BOOK NUMBER
International Standard Book Number 9788196900045
037 ## - SOURCE OF ACQUISITION
Terms of availability TB
040 ## - CATALOGING SOURCE
Original cataloging agency LCT
Transcribing agency LCT
041 ## - LANGUAGE CODE
Source of code eng
Language code of text/sound track or separate title eng
Language code of original eng
084 ## - COLON CLASSIFICATION NUMBER
Classification number Z2,3 Q5;R4
100 ## - MAIN ENTRY--PERSONAL NAME
Personal name Rattan, Jyoti
9 (RLIN) 1132004
245 ## - TITLE STATEMENT
Title Contract Act:
Remainder of title covering Contract-1 & Contract-2/
250 ## - EDITION STATEMENT
Edition statement 5th ed.
260 ## - PUBLICATION, DISTRIBUTION, ETC.
Place of publication, distribution, etc. New Delhi, India:
Name of publisher, distributor, etc. Bharat Law House,
Date of publication, distribution, etc. 2024
300 ## - PHYSICAL DESCRIPTION
Extent 569p.
365 ## - TRADE PRICE
Price amount 795.00
Currency code INR
650 ## - SUBJECT ADDED ENTRY--TOPICAL TERM
Topical term or geographic name entry element Law of Contract
9 (RLIN) 784723
650 ## - SUBJECT ADDED ENTRY--TOPICAL TERM
Topical term or geographic name entry element SPECIFIC CONTRACTS
9 (RLIN) 754886
650 ## - SUBJECT ADDED ENTRY--TOPICAL TERM
Topical term or geographic name entry element Law of Specific Relief
9 (RLIN) 754887
942 ## - ADDED ENTRY ELEMENTS (KOHA)
Source of classification or shelving scheme Colon Classification (CC)
Koha item type Textbook
Classification part Z2,3 Q5;R4
Suppress in OPAC No
Holdings
Withdrawn status Lost status Source of classification or shelving scheme Damaged status Not for loan Collection Home library Current library Shelving location Date acquired Source of acquisition Cost, normal purchase price Inventory number Total Checkouts Full call number Barcode Date last seen Price effective from Koha item type
    Colon Classification (CC)     Non-fiction Law Centre-II Library Law Centre-II Library General Stacks 2025-12-03 Global Informatics Solutions, Delhi 795.00 212/03.12.2025   Z2,3 Q5;R4 LT0029219 2026-03-13 2026-03-13 Textbook
    Colon Classification (CC)     Non-fiction Law Centre-II Library Law Centre-II Library General Stacks 2025-12-03 Global Informatics Solutions, Delhi 795.00 212/03.12.2025   Z2,3 Q5;R4 LT0029220 2026-03-13 2026-03-13 Textbook
Copyright @ Delhi University Library System